Statystyki dla QUIZ ZGADNIJ JAKI TO MODEL

Kliknij tutaj aby rozwiązać quiz!

Ogólne statystyki

  • Ten quiz został rozwiązany 11 razy
  • Średni wynik to 6 z 8

Statystyki odpowiedzi

Odpowiedź% Poprawnych
AUDI A4
100%
AUDI A3
88%
AUDI A6
88%
AUDI Q5
88%
AUDI TT
88%
AUDI R8
75%
AUDI A1
63%
AUDI S2
13%

Rozkład punktacji

Percentyl według liczby udzielonych odpowiedzi

Procent ludzi z każdym wynikiem

Twoja historia wyników

Nie rozwiązałeś tego quizu